Vyhlásil Dzurinda boj ľavici?

Bibliographic Details
Main Author: Beblavý, Miroslav, 1977- (Author)
Format: Article
Language:Slovak
Subjects:

MARC

LEADER 00000nab a2200000 a 4500
001 vtls000709965
003 SK-MaSNL
005 20260303202934.0
008 180206c1999 xo 0 slo
015 |a SNBRB2000/01-01871 
035 |a CLN000062132 
040 |a SNKBUCL  |b slo  |c SNKBUCL  |e AACR2 
041 0 |a slo 
044 |a xo  |c SK 
080 |a 328.131(437.6)  |2 UDC-MRF-SK2 
100 1 |a Beblavý, Miroslav,  |d 1977-  |4 aut  |9 103508 
245 1 0 |a Vyhlásil Dzurinda boj ľavici?  |c Miroslav Beblavý 
610 1 7 |a Slovensko.  |b Premiér (1998-2006 : Dzurinda)  |2 snkbucl  |9 165721 
651 7 |a Slovensko  |x politika vnútorná  |2 snkbucl  |9 856564 
655 7 |a články z novín a časopisov  |2 snkbucl  |9 267496 
773 0 |t Sme  |g Roč. 7, č. 221 (25.9.1999), s. 4 
850 |a Slovenská národná knižnica v Martine 
852 |a SNK  |b KIS3GCP 
958 |a RBX 
999 |c 2182825  |d 2184755